|
|
|
|
| LEADER |
03936nam a22004213i 4500 |
| 001 |
EBC6381122 |
| 003 |
MiAaPQ |
| 005 |
20231204023215.0 |
| 006 |
m o d | |
| 007 |
cr cnu|||||||| |
| 008 |
231204s2020 xx o ||||0 eng d |
| 020 |
|
|
|a 9783030570811
|q (electronic bk.)
|
| 020 |
|
|
|z 9783030570804
|
| 035 |
|
|
|a (MiAaPQ)EBC6381122
|
| 035 |
|
|
|a (Au-PeEL)EBL6381122
|
| 035 |
|
|
|a (OCoLC)1243550824
|
| 040 |
|
|
|a MiAaPQ
|b eng
|e rda
|e pn
|c MiAaPQ
|d MiAaPQ
|
| 050 |
|
4 |
|a H1-970.9
|
| 082 |
0 |
|
|a 362.29
|
| 100 |
1 |
|
|a Hardon, Anita.
|
| 245 |
1 |
0 |
|a Chemical Youth :
|b Navigating Uncertainty in Search of the Good Life.
|
| 250 |
|
|
|a 1st ed.
|
| 264 |
|
1 |
|a Cham :
|b Springer International Publishing AG,
|c 2020.
|
| 264 |
|
4 |
|c ©2021.
|
| 300 |
|
|
|a 1 online resource (335 pages)
|
| 336 |
|
|
|a text
|b txt
|2 rdacontent
|
| 337 |
|
|
|a computer
|b c
|2 rdamedia
|
| 338 |
|
|
|a online resource
|b cr
|2 rdacarrier
|
| 490 |
1 |
|
|a Critical Studies in Risk and Uncertainty Series
|
| 505 |
0 |
|
|a Intro -- Acknowledgments -- Contents -- List of Figures -- List of Tables -- 1 Introduction -- ChemicalYouth -- Doing Chemicals -- Collaborative Inquiry -- Navigating Precarity -- Head to Toe -- Unevenness of Harm Protection Mechanisms -- What Follows -- International ChemicalYouth Research Coordinators -- References -- 2 Chemical Highs -- "At Risk Youth" -- Self-Regulation in Amsterdam -- Self-Regulation in a Drugs War -- Changing Regulatory Regimes -- Co-Creating Harm Reduction -- In Conclusion -- ChemicalYouth Ethnographers -- References -- 3 Chemical Breath -- New Ways of Inhaling Chemicals -- The Turn to Vaping in Paris -- Inhaling Sinte in Indonesia -- Meanwhile, in the USA -- Unrecognized Harm -- Changing Regulatory Regimes -- In Conclusion -- ChemicalYouth Ethnographers -- References -- 4 Chemical Sexualities -- Do-It-Yourself Chemical Sexualities -- Sexual Health and Well-Being -- Shaping Bodies -- Enhancing Sexual Experiences -- Enhancing Sexual Hygiene -- Preventing Unwanted Pregnancies -- Co-creating Youth-Sensitive Sexual Health Products -- In Conclusion -- ChemicalYouth Ethnographers -- References -- 5 Chemical Whiteness -- Investing in Whiteness -- Toxic Whiteness -- Marketing Whiteness -- Doing White in Retail Jobs -- Doing White in Karaoke Bars -- Keeping Up with the Times -- Celebrating Skin Diversity -- In Conclusion -- ChemicalYouth Ethnographers -- References -- 6 Chemical 24/7 -- Staying Awake in the Leisure Industry -- Long Working Hours in Physically Demanding Work -- In Conclusion -- ChemicalYouth Ethnographers -- References -- 7 Chemical Supplementing -- Hight Is Might -- Metabolic Potentials -- Building Bodies -- Fitshe -- The Seduction of Supplements -- Hard Work -- In Conclusion -- ChemicalYouth Ethnographers -- References -- 8 Chemical Creativity -- A Brief History of Microdosing -- Microdosing Narratives.
|
| 505 |
8 |
|
|a Aggregating Experiences -- Collaborative Trials -- Hubs of Concern and Collaboration -- In Conclusion -- ChemicalYouth Ethnographers -- References -- 9 Chemical Futures -- In Search of a Good Life -- Regimes of Invisibility -- Harm Reduction from Below -- Confronting Toxic Uncertainties -- Reducing Harm from Above -- Accounting for Emergence -- ChemicalYouth Ethnographers -- References -- Index.
|
| 588 |
|
|
|a Description based on publisher supplied metadata and other sources.
|
| 590 |
|
|
|a Electronic reproduction. Ann Arbor, Michigan : ProQuest Ebook Central, 2023. Available via World Wide Web. Access may be limited to ProQuest Ebook Central affiliated libraries.
|
| 655 |
|
4 |
|a Electronic books.
|
| 776 |
0 |
8 |
|i Print version:
|a Hardon, Anita
|t Chemical Youth
|d Cham : Springer International Publishing AG,c2020
|z 9783030570804
|
| 797 |
2 |
|
|a ProQuest (Firm)
|
| 830 |
|
0 |
|a Critical Studies in Risk and Uncertainty Series
|
| 856 |
4 |
0 |
|u https://ebookcentral.proquest.com/lib/matrademy/detail.action?docID=6381122
|z Click to View
|